Loading...
| Science - Chemistry | 0 | 8 | 0 | 0 | 80 | 30 | 71.88 | 4 | 8 |
| Science - Physics | 0 | 6 | 0 | 1 | 60 | 93 | 117.83 | 1 | 2 |
| Science - Other Science | 0 | 6 | 0 | 0 | 60 | 78 | 106.00 | 1 | 2 |
| Science - Biology | 0 | 4 | 0 | 0 | 40 | 91 | 102.25 | 0 | 0 |
| Other | 0 | 3 | 0 | 1 | 30 | 94 | 114.00 | 0 | 0 |
| Fine Arts - Other Fine Arts | 0 | 3 | 0 | 2 | 30 | 82 | 114.67 | 0 | 2 |
| Social Science | 0 | 3 | 1 | 1 | 25 | 80 | 103.33 | 0 | 0 |
| History - American History | 0 | 3 | 1 | 1 | 25 | 62 | 98.00 | 1 | 2 |
| Mythology | 0 | 1 | 0 | 0 | 10 | 130 | 130.00 | 0 | 0 |
| Literature - European Literature | 0 | 1 | 0 | 0 | 10 | 127 | 127.00 | 0 | 0 |
| Religion | 0 | 1 | 0 | 1 | 10 | 145 | 145.00 | 0 | 0 |
| History - Other History | 0 | 1 | 0 | 0 | 10 | 133 | 133.00 | 0 | 0 |
| Fine Arts - Painting & Sculpture | 0 | 1 | 0 | 0 | 10 | 113 | 113.00 | 1 | 1 |
| Literature - American Literature | 0 | 0 | 0 | 0 | 0 | 0.00 | 0 | 0 | |
| Philosophy | 0 | 0 | 0 | 0 | 0 | 0.00 | 0 | 0 | |
| Literature - British Literature | 0 | 0 | 1 | 0 | -5 | 0.00 | 0 | 0 | |
| History - European History | 0 | 0 | 2 | 0 | -10 | 0.00 | 0 | 0 |